| 000 | 00501nam a2200169 i 4500 | ||
|---|---|---|---|
| 001 | 87822 | ||
| 003 | ES-MaACL | ||
| 005 | 20230906175739.0 | ||
| 007 | t| | ||
| 008 | 041223s1964 sp ||||1| spa d | ||
| 100 | 1 |
_aLacarriere, Jacques. _969332 |
|
| 245 | 1 | 4 |
_aLos hombres ebrios de Dios / _cJ. Lacarriere ; prólogo de Luis Izquierdo. |
| 260 |
_a[Barcelona] : _bAymá, _c1964. |
||
| 300 |
_a306 p., 26 lám. ; _c21 cm. |
||
| 700 | 1 |
_aIzquierdo, Luis. _965710 |
|
| 852 |
_aES-MaACL _jC-25781 _bR.54557 |
||
| 999 |
_c87822 _d87822 |
||